Lucifer Tv series Episodes - Statistics

General Stats
  • This quiz has been taken 419 times
    119 since last reset
  • The average score is 30 of 93
Answer Stats
season episode name % Correct
1 Pilot
83%
Lucifer, Stay. Good Devil
49%
#TeamLucifer
49%
Take Me back to Hell
46%
A Good Day to Die
44%
Et Tu, Doctor?
44%
Manly Whatnots
44%
St. Lucifer
44%
A Priest Walks into a Bar
41%
Candy Morningstar
41%
Diablo
41%
Family Dinner
41%
Lady Parts
41%
Liar, Liar, Slutty Dress on Fire
41%
Monster
41%
Pops
41%
Quid Pro Ho
41%
The Sinnerman
41%
The Would-Be Prince of Darkness
41%
Wingman
41%
All About Eve
39%
Bloody Celestial karaoke Jam
39%
Favorite Son
39%
Lucifer! Lucifer! Lucifer!
39%
Our Mojo
39%
Daniel Espinoza: Naked and Afraid
37%
2 Everything's Coming Up Lucifer
37%
God Johnson
37%
Save Lucifer
37%
Sin-Eater
37%
Sweet Kicks
37%
Detective Amenadiel
34%
It Never ends well for the Chicken
34%
My Little Monkey
34%
Once Upon a Time
34%
Spoiler Alert
34%
Stewardess Interruptus
34%
Trip to Stabby Town
34%
A Devil of My Word
32%
4 Everythings Okay
32%
Orange is the New Maze
32%
Orgy Pants to Work
32%
5 Really Sad Devil Guy
32%
The Good, The Bad and The Crispy
32%
Welcome Back, Charlotte Richards
32%
Who's Da New King of Hell
32%
Anything Pierce Can Do I Can Do Better
29%
Boo Normal
29%
Love Handles
29%
Off the Record
29%
Sympathy for the Goddess
29%
The One With the Baby Carrot
29%
Vegas With Some Radish
29%
What Would Lucifer Do?
29%
A chance at a Happy ending
27%
A Little Harmless Stalking
27%
All About Her
27%
All Hands on Decker
27%
Homewrecker
27%
Is this really how it's Going to End
27%
Mr. and Mrs. Mazikeen Smith
27%
Super Bad Boyfriend
27%
The Murder of Lucifer Morningstar
27%
City of Angels?
24%
Deceptive Little Parasite
24%
Devil is as Devil Does
24%
Expire Erect
24%
High School Poppycock
24%
Nothing Lasts Forever
24%
Partner's Til the end
24%
Quintessential Deckerstar
24%
The Last Heartbreak
24%
The Sin Bin
24%
The Weaponizer
24%
3 They're Back, aren't They?
24%
Yabba Dabba Do Me
24%
A Lot Dirtier than That
22%
Buckets of Baggage
22%
Chloe Does Lucifer
22%
Goodbye, Lucifer
22%
Infernal Guinea Pig
22%
Let Pinhead Sing!
22%
My Brother's Keeper
22%
O Ye of Little Faith Father
22%
Somebody's Been Reading Dante's Inferno
22%
'Til Death Do Us Part
22%
Bluballz
20%
My Best Friend's Wedding
20%
Pin the tail on the Daddy
20%
Resting Devil Face
20%
Save the Devil, Save the world
20%
6 Nothing Ever Changes Around here
17%
The Angel of San Bernadino
17%
No matching quizzes found
Score Distribution
Percent of People with Each Score
Percentile by Number Answered
Your Score History
You have not taken this quiz since the last reset